[Event "Titled Tuesday intern op 21st Jan Late"]
[Site "Chess.com INT"]
[Date "2025.01.21"]
[Round "7"]
[White "Lashkin, Jegor"]
[Black "Yoo, Christopher Woojin"]
[Result "0-1"]
[WhiteElo "2517"]
[BlackElo "2588"]
[PlyCount "63"]
[EventDate "2025.01.21"]
[EventType "swiss (blitz)"]
[EventRounds "11"]
[EventCountry "USA"]
[SourceTitle "CB05_2025"]
[SourceDate "2025.01.29"]
[SourceVersion "1"]
[SourceVersionDate "2025.01.29"]
[SourceQuality "1"]

1. d4 Nf6 2. c4 e6 3. Nf3 d5 4. Nc3 dxc4 5. e4 Bb4 6. Bg5 h6 7. Bxf6 Qxf6 8. Bxc4 c5 9. 0-0 cxd4 10. e5 Qd8 11. Ne4 0-0 12. Qe2 Be7 13. Rfd1 Qa5 14. a3 Bd7 15. Rxd4 Bc6 16. Rad1 Na6 17. Nf6+ gxf6 18. Rg4+ Kh7 19. b4 Bxf3 20. Bd3+ f5 21. gxf3 Qb6 22. Qc2 Rad8 23. Bxf5+ exf5 24. Qxf5+ Kh8 25. Re1 Qe6 26. Qf4 Rg8 27. h3 h5 28. Rxg8+ Rxg8+ 29. Kh2 Bg5 30. Qe4 Nc7 31. Rd1 Qg6 32. Qc6 0-1

[Event "Titled Tuesday intern op 21st Jan Late"]
[Site "Chess.com INT"]
[Date "2025.01.21"]
[Round "3"]
[White "Moral Garcia, Serafin"]
[Black "Lashkin, Jegor"]
[Result "0-1"]
[WhiteElo "2315"]
[BlackElo "2517"]
[PlyCount "42"]
[EventDate "2025.01.21"]
[EventType "swiss (blitz)"]
[EventRounds "11"]
[EventCountry "USA"]
[SourceTitle "CB05_2025"]
[SourceDate "2025.01.29"]
[SourceVersion "1"]
[SourceVersionDate "2025.01.29"]
[SourceQuality "1"]

1. c4 e5 2. g3 c6 3. Nf3 e4 4. Nd4 d5 5. cxd5 Qxd5 6. Nc2 Nf6 7. Nc3 Qe5 8. Ne3 Na6 9. a3 Bc5 10. Bg2 0-0 11. Qc2 Re8 12. b4 Bd4 13. Bb2 Nc7 14. 0-0 Qh5 15. Rfe1 Bh3 16. Bh1 Rad8 17. Rab1 Qg6 18. Na4 Ne6 19. Bxd4 Nxd4 20. Qc3 b6 21. Rbd1 Qh5 0-1

[Event "Titled Tuesday intern op 14th Jan Early"]
[Site "Chess.com INT"]
[Date "2025.01.14"]
[Round "2"]
[White "Janaszak, Dawid"]
[Black "Lashkin, Jegor"]
[Result "1-0"]
[WhiteElo "2306"]
[BlackElo "2517"]
[PlyCount "61"]
[EventDate "2025.01.14"]
[EventType "swiss (blitz)"]
[EventRounds "11"]
[EventCountry "USA"]
[SourceTitle "CB04_2025"]
[SourceDate "2025.01.22"]
[SourceVersion "1"]
[SourceVersionDate "2025.01.22"]
[SourceQuality "1"]

1. e4 c5 2. Nc3 d6 3. f4 g6 4. Nf3 Bg7 5. Bc4 Nc6 6. 0-0 e6 7. d4 cxd4 8. Nb5 Nge7 9. Bb3 0-0 10. Nbxd4 Na5 11. c3 b6 12. Kh1 Nxb3 13. Qxb3 Bb7 14. f5 e5 15. fxg6 hxg6 16. Ng5 d5 17. c4 Qd7 18. Nf5 gxf5 19. Qh3 Rfc8 20. Qh7+ Kf8 21. exf5 Rc6 22. f6 Ke8 23. fxg7 Qg4 24. g8Q+ Nxg8 25. Qxf7+ Kd8 26. Qxd5+ Kc7 27. Rf7+ Kc8 28. Rf8+ Kc7 29. Rf7+ Kb8 30. Qxe5+ Kc8 31. Qe8# 1-0

[Event "Titled Tuesday intern op 14th Jan Early"]
[Site "Chess.com INT"]
[Date "2025.01.14"]
[Round "3"]
[White "Lashkin, Jegor"]
[Black "Przybylski, Bartosz1"]
[Result "1-0"]
[WhiteElo "2517"]
[BlackElo "2090"]
[PlyCount "69"]
[EventDate "2025.01.14"]
[EventType "swiss (blitz)"]
[EventRounds "11"]
[EventCountry "USA"]
[SourceTitle "CB04_2025"]
[SourceDate "2025.01.22"]
[SourceVersion "1"]
[SourceVersionDate "2025.01.22"]
[SourceQuality "1"]

1. d4 d6 2. Nf3 g6 3. c4 Bg7 4. Nc3 Nf6 5. e4 0-0 6. Be2 Bg4 7. Be3 Nc6 8. d5 Nb8 9. 0-0 c5 10. Nd2 Bxe2 11. Qxe2 a6 12. a4 Ne8 13. f4 Nd7 14. Kh1 Nc7 15. a5 b5 16. axb6 Nxb6 17. Bf2 a5 18. e5 Nd7 19. Bg3 Qb8 20. Nf3 Qb4 21. Ne4 Ra6 22. Be1 Qb3 23. Bxa5 Nb6 24. Ned2 Qc2 25. Rac1 Qf5 26. Bc3 Na4 27. Qe3 Nxc3 28. bxc3 Rfa8 29. Ne4 h6 30. h3 Ra2 31. exd6 exd6 32. Nxd6 Qd7 33. Ne4 Rb2 34. Ne5 Qd6 35. Nxd6 1-0

[Event "Titled Tuesday intern op 14th Jan Early"]
[Site "Chess.com INT"]
[Date "2025.01.14"]
[Round "8"]
[White "Lashkin, Jegor"]
[Black "Yoo, Christopher Woojin"]
[Result "0-1"]
[WhiteElo "2517"]
[BlackElo "2588"]
[PlyCount "84"]
[EventDate "2025.01.14"]
[EventType "swiss (blitz)"]
[EventRounds "11"]
[EventCountry "USA"]
[SourceTitle "CB04_2025"]
[SourceDate "2025.01.22"]
[SourceVersion "1"]
[SourceVersionDate "2025.01.22"]
[SourceQuality "1"]

1. d4 Nf6 2. c4 e6 3. Nf3 d5 4. Nc3 Be7 5. Bf4 0-0 6. e3 c5 7. dxc5 Bxc5 8. Qc2 Nc6 9. Rd1 Qa5 10. a3 h6 11. Be2 Ne4 12. cxd5 exd5 13. 0-0 Nxc3 14. bxc3 Be6 15. a4 Rac8 16. Rb1 Qd8 17. h3 Qe7 18. Rfd1 Rfd8 19. Bd3 Bd6 20. Bxd6 Rxd6 21. Qb2 b6 22. Rd2 Na5 23. Rbd1 Qc7 24. Nd4 Bd7 25. Ba6 Nc4 26. Bxc4 Qxc4 27. Qa3 Rg6 28. Ne2 Bxh3 29. Nf4 Bxg2 30. Rd4 Qc5 31. Qxc5 bxc5 32. Nxg6 fxg6 33. R4d2 Bf3 34. Rb1 Re8 35. Kh2 g5 36. Kg3 Rf8 37. Rb7 h5 38. Rc7 h4+ 39. Kh2 g4 40. c4 d4 41. exd4 Be4 42. dxc5 Rf3 0-1

[Event "Titled Tuesday intern op 07th Jan Early"]
[Site "Chess.com INT"]
[Date "2025.01.07"]
[Round "1"]
[White "Lashkin, Jegor"]
[Black "Gallasch, Jonas"]
[Result "1-0"]
[WhiteElo "2517"]
[BlackElo "2280"]
[PlyCount "149"]
[EventDate "2025.01.07"]
[EventType "swiss (blitz)"]
[EventRounds "11"]
[EventCountry "USA"]
[SourceTitle "CB03_2025"]
[SourceDate "2025.01.15"]
[SourceVersion "1"]
[SourceVersionDate "2025.01.15"]
[SourceQuality "1"]

1. d4 Nf6 2. c4 g6 3. Nf3 Bg7 4. Nc3 0-0 5. e4 d6 6. Be2 e5 7. 0-0 Nbd7 8. Be3 Ng4 9. Bg5 f6 10. Bh4 h5 11. h3 Nh6 12. Re1 g5 13. Bg3 f5 14. dxe5 f4 15. Bh2 Nxe5 16. Nxe5 Bxe5 17. Bxh5 Be6 18. Qe2 Qf6 19. Rad1 Bxc3 20. bxc3 Qxc3 21. e5 Qxc4 22. exd6 Qxe2 23. Rxe2 Bc4 24. Rc2 b5 25. dxc7 Nf5 26. Bg4 Rac8 27. h4 Rxc7 28. hxg5 Ne7 29. Rd6 Kg7 30. Rf6 Ng6 31. Rxf8 Kxf8 32. Bf5 Kg7 33. Bxg6 Kxg6 34. Bxf4 Rd7 35. f3 Rd4 36. Be3 Rd1+ 37. Kh2 Re1 38. Bf4 Re2 39. Rxe2 Bxe2 40. a3 a5 41. Bc7 b4 42. axb4 axb4 43. Bd8 b3 44. Bf6 b2 45. Bxb2 Kxg5 46. Kg3 Bd3 47. Bc1+ Kf5 48. Kf2 Bc2 49. g4+ Ke5 50. Kg3 Kf6 51. Kf4 Kg6 52. Bb2 Bd1 53. Bc3 Bc2 54. Ke3 Bd1 55. Ba5 Bc2 56. Bd8 Bb1 57. f4 Bc2 58. Kd4 Bd1 59. f5+ Kf7 60. g5 Bc2 61. Ke5 Bb1 62. Bb6 Bc2 63. Bd4 Bb1 64. g6+ Kg8 65. Kf6 Bc2 66. Be5 Bb1 67. Ke6 Bc2 68. Bd4 Bb1 69. Bc3 Bc2 70. Ke5 Bb1 71. Kf4 Bc2 72. Kg5 Bb1 73. f6 Ba2 74. Bb4 Bb3 75. Kf4 1-0

[Event "Titled Tuesday intern op 07th Jan Early"]
[Site "Chess.com INT"]
[Date "2025.01.07"]
[Round "8"]
[White "Lashkin, Jegor"]
[Black "Ghoreishi Amiri, Seyed Kian"]
[Result "1-0"]
[WhiteElo "2517"]
[BlackElo "2020"]
[PlyCount "139"]
[EventDate "2025.01.07"]
[EventType "swiss (blitz)"]
[EventRounds "11"]
[EventCountry "USA"]
[SourceTitle "CB03_2025"]
[SourceDate "2025.01.15"]
[SourceVersion "1"]
[SourceVersionDate "2025.01.15"]
[SourceQuality "1"]

1. d4 d5 2. c4 e6 3. Nf3 a6 4. Bg5 Be7 5. Bxe7 Nxe7 6. Nbd2 0-0 7. g3 c5 8. Bg2 b5 9. cxd5 exd5 10. dxc5 Nd7 11. Rc1 Qc7 12. 0-0 Bb7 13. b4 a5 14. Nd4 axb4 15. c6 Nxc6 16. Bxd5 Ra6 17. Ne4 Nde5 18. Nxb5 Qb6 19. Nbd6 Ba8 20. Qd2 Qd4 21. Rfd1 Qxd2 22. Rxd2 Ne7 23. Bb3 Bxe4 24. Nxe4 g6 25. Rc7 Nf5 26. f4 Rc6 27. Rxc6 Nxc6 28. Rd7 Ncd4 29. Bc4 h5 30. Ng5 Rc8 31. Bxf7+ Kh8 32. Bxg6 Rc1+ 33. Kf2 Rc2 34. Rxd4 Nxd4 35. Bxc2 Nxc2 36. Nf7+ Kg7 37. Ne5 Nd4 38. Nd3 b3 39. axb3 Nxb3 40. Ke3 Kf6 41. Ne5 Nc5 42. h3 Ne6 43. g4 hxg4 44. hxg4 Nf8 45. Nf3 Ne6 46. Nd4 Nc7 47. Ke4 Kg6 48. e3 Ne8 49. Nf5 Nf6+ 50. Kf3 Nd7 51. Ng3 Nf6 52. Ne4 Nd5 53. f5+ Kf7 54. g5 Ne7 55. f6 Nd5 56. Nd6+ Kg6 57. f7 Kg7 58. e4 Nc7 59. Kg4 Ne6 60. e5 Kf8 61. g6 Kg7 62. Kf5 Nf8 63. Ne8+ Kh6 64. g7 Ng6 65. g8Q Ne7+ 66. Ke4 Nxg8 67. fxg8Q Kh5 68. Qg3 Kh6 69. Qg4 Kh7 70. Qg7# 1-0

[Event "Titled Tuesday intern op 07th Jan Early"]
[Site "Chess.com INT"]
[Date "2025.01.07"]
[Round "9"]
[White "Lashkin, Jegor"]
[Black "Theodorou, Nikolas"]
[Result "0-1"]
[WhiteElo "2517"]
[BlackElo "2612"]
[PlyCount "98"]
[EventDate "2025.01.07"]
[EventType "swiss (blitz)"]
[EventRounds "11"]
[EventCountry "USA"]
[SourceTitle "CB03_2025"]
[SourceDate "2025.01.15"]
[SourceVersion "1"]
[SourceVersionDate "2025.01.15"]
[SourceQuality "1"]

1. d4 e6 2. c4 b6 3. Nf3 Bb7 4. g3 Nf6 5. Bg2 Be7 6. 0-0 0-0 7. Nc3 Ne4 8. Bd2 f5 9. Ne5 d6 10. Nd3 Qe8 11. Nf4 Nxc3 12. Bxc3 Bxg2 13. Kxg2 Bg5 14. e3 Bxf4 15. exf4 Qc6+ 16. Qf3 Qxf3+ 17. Kxf3 Nc6 18. Rfe1 Kf7 19. d5 exd5 20. cxd5 Ne7 21. Red1 Rfe8 22. Rac1 Rad8 23. b4 a6 24. a4 b5 25. a5 Rc8 26. Bb2 Red8 27. Rd3 Rd7 28. h3 c6 29. dxc6 Rxc6 30. Rcd1 g6 31. Bd4 Nd5 32. Rb3 Rc4 33. Be3 Nxb4 34. g4 Nc6 35. Rbd3 b4 36. Rxd6 Rxd6 37. Rxd6 b3 38. Rd7+ Ke6 39. Rb7 Rb4 40. Rxb4 Nxb4 41. Bd4 Nc6 42. Bc3 Nxa5 43. Ke2 Nc4 44. Kd3 Kd5 45. f3 a5 46. Bg7 a4 47. Kc3 b2 48. Kc2 a3 49. Kb1 Nd2+ 0-1

[Event "Titled Tuesday intern op 07th Jan Early"]
[Site "Chess.com INT"]
[Date "2025.01.07"]
[Round "11"]
[White "Lashkin, Jegor"]
[Black "Timerkhanov, Alexander"]
[Result "0-1"]
[WhiteElo "2517"]
[BlackElo "2287"]
[PlyCount "64"]
[EventDate "2025.01.07"]
[EventType "swiss (blitz)"]
[EventRounds "11"]
[EventCountry "USA"]
[SourceTitle "CB03_2025"]
[SourceDate "2025.01.15"]
[SourceVersion "1"]
[SourceVersionDate "2025.01.15"]
[SourceQuality "1"]

1. d4 d5 2. c4 c6 3. Nc3 Nf6 4. e3 a6 5. Nf3 Bf5 6. Qb3 Ra7 7. h3 h6 8. g4 Bh7 9. g5 hxg5 10. Nxg5 Bg6 11. Rg1 Bh5 12. e4 dxe4 13. Be3 Qd7 14. d5 Ra8 15. Na4 Qc7 16. Nb6 Ra7 17. Qa4 a5 18. Rc1 Ra6 19. c5 Ra7 20. Nxe4 Nbd7 21. d6 Qd8 22. Nxf6+ gxf6 23. Bg2 Rg8 24. Qe4 Bg6 25. Qa4 exd6 26. Nxd7 Qxd7 27. cxd6 Bh5 28. Rxc6 bxc6 29. Bxc6 Rxg1+ 30. Kd2 Rd1+ 31. Kc2 Rxd6 32. Bxd7+ Raxd7 0-1